00214nam a2200085Ia 4500100002100000654003000021245003000051260003500081546001200116 aIBM Corporation  aPC/xt Technical Reference aPC/xt Technical Reference bInternational B.M. Corporation aENGLISH